UM Logo

Money, banking, financial markets &​ institutions/ (Record no. 5776)

MARC details
000 -LEADER
fixed length control field 00676nam a22001937a 4500
005 - DATE AND TIME OF LATEST TRANSACTION
control field 20260113110418.0
008 - FIXED-LENGTH DATA ELEMENTS--GENERAL INFORMATION
fixed length control field 161118b xxu||||| |||| 00| 0 eng d
020 ## - INTERNATIONAL STANDARD BOOK NUMBER
International Standard Book Number 978-0-538-74857-5
082 ## - DEWEY DECIMAL CLASSIFICATION NUMBER
Edition number 2017
Classification number DC 332.4
Item number B73
100 ## - MAIN ENTRY--PERSONAL NAME
9 (RLIN) 17643
Personal name Brandl, Michael W.
Relator term author.
245 ## - TITLE STATEMENT
Title Money, banking, financial markets &​ institutions/
Statement of responsibility, etc. Michael W. Brandl.
260 ## - PUBLICATION, DISTRIBUTION, ETC. (IMPRINT)
Place of publication, distribution, etc. Australia :
Name of publisher, distributor, etc. Cengage Learning,
Date of publication, distribution, etc. c2017.
300 ## - PHYSICAL DESCRIPTION
Extent xv, 527 pages :
Other physical details color illustrations ;
Dimensions 27 cm.
500 ## - GENERAL NOTE
General note Includes bibliographical references and index.<br/>
650 #0 - SUBJECT ADDED ENTRY--TOPICAL TERM
9 (RLIN) 17644
Topical term or geographic name as entry element Money.
650 #0 - SUBJECT ADDED ENTRY--TOPICAL TERM
9 (RLIN) 17645
Topical term or geographic name as entry element Banks and banking.
650 #0 - SUBJECT ADDED ENTRY--TOPICAL TERM
9 (RLIN) 17646
Topical term or geographic name as entry element Financial institutions.
942 ## - ADDED ENTRY ELEMENTS (KOHA)
Source of classification or shelving scheme Dewey Decimal Classification
Koha item type Circulation
Holdings
Withdrawn status Lost status Source of classification or shelving scheme Damaged status Not for loan Collection code Home library Current library Shelving location Date acquired Source of acquisition Total Checkouts Full call number Barcode Date last seen Date last checked out Price effective from Koha item type
    Dewey Decimal Classification     Circulation UM Digos College - LIC UM Digos College - LIC Book Cart 10/27/2016 Purchased 2 DC 332.4 B73 2017 24621 05/15/2025 09/28/2022 11/18/2016 Circulation